| 000 | 00799nam a22002417i 4500 | ||
|---|---|---|---|
| 999 |
_c22729 _d22729 |
||
| 003 | AR-CdUCM | ||
| 008 | 231019b20212021pe |||| |||| 000 0 spa d | ||
| 020 | _a978-612-00-6596-9 | ||
| 040 |
_aMUNICIPALIDAD PROVINCIAL DEL CUSCO _cBIBLIOTECA MUNICIPAL DEL CUSCO |
||
| 041 | _hspa | ||
| 082 |
_a869.56 / M585S _bM585S |
||
| 100 |
_aMilmayét, Jacobo _949251 |
||
| 245 | _aSemilla de Diamantes / | ||
| 260 |
_aCusco : _c2021. |
||
| 300 |
_a101 páginas. : _c20 cm. |
||
| 505 | _aLos señuelos -- Como llego la semilla del té -- Tiempos de auge -- Soldado mercenario -- El brote de la planta | ||
| 650 |
_aLos señuelos _949190 |
||
| 650 |
_aSoldado mercenario _949191 |
||
| 650 |
_aTiempos de sangre _949192 |
||
| 650 |
_aSemillas _921520 |
||
| 942 |
_2ddc _cLIBROS |
||
| 945 |
_apebm _d2021-10-19 |
||